[Event "OLNW 1718 SV Werder Bremen III - SV Lin"]
[Site "?"]
[Date "2017.12.10"]
[Round "4.3"]
[White "Milanovic, Danilo"]
[Black "Steffens, Olaf"]
[Result "1-0"]
[WhiteElo "2505"]
[BlackElo "2243"]
[PlyCount "129"]
[EventDate "2017.??.??"]

1. d4 b5 2. e4 a6 3. Bd3 e6 4. Nf3 c5 5. c3 Bb7 6. O-O Nf6 7. Re1 Be7 8. e5 Nd5
9. dxc5 Bxc5 10. Bg5 Qb6 11. Bh4 Nc6 12. Nbd2 f5 13. exf6 gxf6 14. Nb3 Be7 15.
Be4 Nf4 16. Bg3 Ng6 17. Bd6 f5 18. Bc2 Rg8 19. Nc5 O-O-O 20. Nxb7 Qxb7 21. Kf1
Bxd6 22. Qxd6 Qc7 23. Rad1 Qxd6 24. Rxd6 Kc7 25. Rd2 Rdf8 26. Red1 Rg7 27. Bb3
Nge5 28. Nd4 Nxd4 29. cxd4 Ng4 30. Rc2+ Kd6 31. h3 Nf6 32. a4 bxa4 33. Bxa4 Rb8
34. g3 Rb4 35. b3 h5 36. Rc8 h4 37. Rd3 hxg3 38. fxg3 Ne4 39. Kg2 f4 40. g4 Kd5
41. Kf3 Ng5+ 42. Kxf4 e5+ 43. Kf5 exd4 44. Kf6 Ne6 45. Rg3 Rh7 46. g5 Nc5 47.
Rxc5+ Kxc5 48. g6 Rb6+ 49. Kf5 Rh5+ 50. Rg5 Rxg5+ 51. Kxg5 Kb4 52. g7 Rb8 53.
Bxd7 d3 54. Bg4 Kxb3 55. h4 Kc2 56. h5 d2 57. h6 Rb4 58. Be2 Re4 59. g8=Q Rxe2
60. Qc4+ Kd1 61. h7 Rg2+ 62. Kf4 Ke1 63. Qe4+ Kf1 64. h8=Q d1=Q 65. Qh1+ 1-0

[Event "OLNW 1718 SV Werder Bremen III - SV Lin"]
[Site "?"]
[Date "2017.12.10"]
[Round "4.4"]
[White "Lai Hop, Duong"]
[Black "Gutman, Lev"]
[Result "0-1"]
[WhiteElo "2192"]
[BlackElo "2398"]
[PlyCount "144"]
[EventDate "2017.??.??"]

1. d4 Nf6 2. Nf3 g6 3. Bf4 Bg7 4. e3 O-O 5. Bd3 d6 6. h3 c5 7. c3 Be6 8. Nbd2
Qb6 9. Qb1 Nc6 10. O-O cxd4 11. exd4 Bd5 12. Re1 Rfe8 13. Nc4 Qc7 14. Nfd2 e5
15. dxe5 dxe5 16. Bg3 Nh5 17. Bh2 Rad8 18. Nb3 Nf4 19. Bxf4 exf4 20. Rxe8+ Rxe8
21. Qf1 b5 22. Na3 b4 23. Nb5 Qb8 24. Bc4 Bxc4 25. Qxc4 Rc8 26. Qe2 f3 27. gxf3
Re8 28. Qf1 Re5 29. N5d4 Rg5+ 30. Kh1 Qf4 31. Nxc6 Qxf3+ 32. Kh2 Qxc6 33. f4
Rf5 34. cxb4 Bxb2 35. Rd1 Qf6 36. Qd3 Rxf4 37. Qd8+ Kg7 38. Qxf6+ Bxf6 39. Kg2
Rxb4 40. Rd7 Ra4 41. Rd2 a5 42. Rc2 Ra3 43. Rd2 a4 44. Nc5 Be7 45. Nd7 Bb4 46.
Rc2 Bd6 47. Rd2 Bf4 48. Rc2 g5 49. Nb6 Rg3+ 50. Kf1 a3 51. Nd5 Rxh3 52. Nxf4
Rf3+ 53. Kg2 Rxf4 54. Rc3 Ra4 55. Kg3 h5 56. Rb3 f6 57. Rc3 Kg6 58. Rb3 h4+ 59.
Kh3 Kh5 60. Rc3 g4+ 61. Kg2 f5 62. Rb3 Kg5 63. Rc3 Ra5 64. Rb3 f4 65. Rc3 h3+
66. Kh2 Kh4 67. Rc4 g3+ 68. Kg1 Kg4 69. Rc1 Rd5 70. Ra1 h2+ 71. Kh1 Kh3 72. Rd1
Rxd1# 0-1

[Event "OLNW 1718 SV Werder Bremen III - SV Lin"]
[Site "?"]
[Date "2017.12.10"]
[Round "4.5"]
[White "Milenkovic, Mladen"]
[Black "Elmali, Timur"]
[Result "1-0"]
[WhiteElo "2329"]
[BlackElo "2129"]
[PlyCount "59"]
[EventDate "2017.??.??"]

1. e4 d6 2. d4 Nf6 3. Nc3 g6 4. f4 Bg7 5. Nf3 O-O 6. Be3 b6 7. Qd2 Bb7 8. Bd3
c5 9. O-O-O cxd4 10. Nxd4 Nbd7 11. h4 Nc5 12. h5 Nfxe4 13. Nxe4 Nxe4 14. Bxe4
Bxe4 15. hxg6 hxg6 16. f5 Re8 17. Rh4 e5 18. Rxe4 exd4 19. Rxe8+ Qxe8 20. Bxd4
Bxd4 21. Qxd4 gxf5 22. Qxd6 Qe3+ 23. Kb1 Re8 24. Qf6 Qe6 25. Qh4 Qg6 26. Rh1 f6
27. a3 Re4 28. Qh8+ Kf7 29. Rh7+ Ke6 30. Rg7 1-0

[Event "OLNW 1718 SV Werder Bremen III - SV Lin"]
[Site "?"]
[Date "2017.12.10"]
[Round "4.6"]
[White "Brinkmann, Fabian"]
[Black "Kollen, Zyon"]
[Result "1/2-1/2"]
[WhiteElo "2101"]
[BlackElo "2287"]
[PlyCount "93"]
[EventDate "2017.??.??"]

1. e4 e6 2. d4 d5 3. Nc3 Bb4 4. Nge2 dxe4 5. a3 Bxc3+ 6. Nxc3 Nc6 7. Bb5 Nge7
8. Nxe4 Qd5 9. Qd3 f5 10. Ng3 a6 11. Bxc6+ Nxc6 12. Bf4 Qxg2 13. O-O-O O-O 14.
Bxc7 Rf7 15. Be5 b5 16. h4 Bb7 17. Rhg1 Nxe5 18. dxe5 Qxf2 19. Nh5 Qxh4 20.
Nf6+ Kh8 21. Qd8+ Rf8 22. Qc7 Qh6+ 23. Kb1 gxf6 24. Qxb7 Rad8 25. Rxd8 Rxd8 26.
Qe7 Qf8 27. Qxe6 Re8 28. Qxf5 Rxe5 29. Qd7 a5 30. b3 Qe7 31. Qc8+ Qe8 32. Qc3
a4 33. Ka2 axb3+ 34. cxb3 Re2+ 35. Kb1 Qe4+ 36. Kc1 Qe3+ 37. Qxe3 Rxe3 38. Kc2
f5 39. a4 b4 40. a5 Rc3+ 41. Kb2 f4 42. Rf1 f3 43. a6 Rc8 44. Rxf3 Ra8 45. Rf4
Rxa6 46. Rxb4 h5 47. Rh4 1/2-1/2

[Event "OLNW 1718 SV Werder Bremen III - SV Lin"]
[Site "?"]
[Date "2017.12.10"]
[Round "4.7"]
[White "Gazic, Josip"]
[Black "Wachinger, Nikolas"]
[Result "0-1"]
[WhiteElo "2225"]
[BlackElo "2243"]
[PlyCount "98"]
[EventDate "2017.??.??"]

1. e4 c5 2. Nc3 a6 3. Bc4 e6 4. a4 Nc6 5. Nf3 Nf6 6. Qe2 d6 7. O-O Be7 8. d3
O-O 9. h3 h6 10. Bd2 Re8 11. Ba2 b6 12. Bb1 Bb7 13. Nd1 d5 14. c3 e5 15. Ne3
Bf8 16. Nf5 Qd7 17. Bc2 Rad8 18. Rad1 Qe6 19. Bc1 b5 20. axb5 axb5 21. Nh2 Ne7
22. Nxe7+ Rxe7 23. Ng4 Nxg4 24. hxg4 Red7 25. f3 d4 26. cxd4 Rxd4 27. Be3 R4d7
28. Rd2 Ra8 29. Rc1 Ra5 30. Qd1 Rc7 31. Bb3 Qb6 32. Rdc2 Bc8 33. Bd5 b4 34. b3
Be6 35. Bc4 Ra3 36. Rd2 Ra5 37. Qc2 Rca7 38. Qb2 Qd6 39. Kf2 Be7 40. Ke2 Bg5
41. Bxe6 Qxe6 42. Bxg5 hxg5 43. Rc4 f5 44. Rdc2 Qd6 45. Qc1 Ra2 46. Qe3 Rxc2+
47. Rxc2 Ra5 48. g3 Kf7 49. Qg1 Qa6 0-1

[Event "OLNW 1718 SV Werder Bremen III - SV Lin"]
[Site "?"]
[Date "2017.12.10"]
[Round "4.8"]
[White "Franke, Reiner"]
[Black "Milosevic, Aleksandar"]
[Result "1-0"]
[WhiteElo "2269"]
[BlackElo "2259"]
[PlyCount "93"]
[EventDate "2017.??.??"]

1. Nf3 c5 2. c4 Nc6 3. Nc3 g6 4. g3 Bg7 5. Bg2 a6 6. a3 d6 7. Rb1 Bf5 8. d3 Rb8
9. Qd2 b5 10. cxb5 axb5 11. b4 cxb4 12. axb4 Nf6 13. Ng5 Bd7 14. Nge4 Nxe4 15.
Nxe4 O-O 16. Bb2 Ne5 17. h3 f6 18. O-O h6 19. f4 Nf7 20. e3 h5 21. Kh2 Nh6 22.
Nf2 Rc8 23. Rfc1 Qb6 24. Bd4 Qb8 25. Qa2+ Kh7 26. Ba7 Rxc1 27. Bxb8 Rxb1 28.
Qxb1 Rxb8 29. Qa2 Rc8 30. Qa7 Be8 31. Qb7 Rc2 32. Qxe7 Rxf2 33. Qxe8 Re2 34.
Kg1 Nf5 35. Be4 Rxe3 36. g4 hxg4 37. hxg4 Rg3+ 38. Kh2 Rxg4 39. Bxf5 gxf5 40.
Qh5+ Kg8 41. Qxf5 Rh4+ 42. Kg3 Rh8 43. Qxb5 Bf8 44. Qd5+ Kh7 45. Qf5+ Kg7 46.
b5 Rh1 47. b6 1-0

[Event "OLNW 1718 Hamelner SV - SK Nordhorn Bla"]
[Site "?"]
[Date "2017.12.10"]
[Round "4.1"]
[White "Kroeze, Frank M"]
[Black "Bode, Wilfried"]
[Result "1/2-1/2"]
[WhiteElo "2398"]
[BlackElo "2346"]
[PlyCount "60"]
[EventDate "2017.??.??"]

1. e4 c5 2. Nf3 e6 3. Nc3 d6 4. d4 cxd4 5. Nxd4 Nf6 6. g4 h6 7. h3 Nc6 8. Be3
Bd7 9. Qd2 a6 10. f4 Be7 11. O-O-O Qc7 12. Kb1 b5 13. Bg2 b4 14. Nce2 Rb8 15.
Qd3 Qc8 16. Nxc6 Bxc6 17. Nd4 Bb7 18. f5 e5 19. Nb3 Qc7 20. g5 hxg5 21. Bxg5
Nh5 22. Bd2 Nf4 23. Bxf4 exf4 24. Rhf1 O-O 25. Rxf4 Bf6 26. Rg4 d5 27. exd5 Qe5
28. Nd4 Rfd8 29. Qg3 Qxg3 30. Rxg3 Bxd5 1/2-1/2

[Event "OLNW 1718 Hamelner SV - SK Nordhorn Bla"]
[Site "?"]
[Date "2017.12.10"]
[Round "4.2"]
[White "Tonndorf, Matthias"]
[Black "Ten Vergert, Paul"]
[Result "1/2-1/2"]
[WhiteElo "2299"]
[BlackElo "2205"]
[PlyCount "32"]
[EventDate "2017.??.??"]

1. e4 c5 2. Nf3 Nc6 3. d4 cxd4 4. Nxd4 Nf6 5. Nc3 e5 6. Ndb5 d6 7. a4 a6 8. Na3
Be6 9. Bg5 Be7 10. Bc4 O-O 11. Bxf6 Bxf6 12. Bxe6 fxe6 13. O-O Rc8 14. Qg4 Qe7
15. Rad1 Bg5 16. g3 Bh6 1/2-1/2

[Event "OLNW 1718 Hamelner SV - SK Nordhorn Bla"]
[Site "?"]
[Date "2017.12.10"]
[Round "4.3"]
[White "Bertholee, Rob"]
[Black "van Son, Lutz"]
[Result "1/2-1/2"]
[WhiteElo "2330"]
[BlackElo "2168"]
[PlyCount "45"]
[EventDate "2017.??.??"]

1. e4 e6 2. Nf3 d5 3. Nc3 Nf6 4. e5 Nfd7 5. d4 c5 6. Bb5 a6 7. Bxd7+ Bxd7 8.
O-O Nc6 9. Ne2 cxd4 10. Nexd4 Be7 11. Re1 O-O 12. c3 Rc8 13. Bf4 Qb6 14. Nb3
Na5 15. Be3 Qc7 16. Nxa5 Qxa5 17. Bg5 Bxg5 18. Nxg5 h6 19. Nf3 Qa4 20. Qxa4
Bxa4 21. Nd4 Bd7 22. a4 a5 23. Re3 {(=)} 1/2-1/2

[Event "OLNW 1718 Hamelner SV - SK Nordhorn Bla"]
[Site "?"]
[Date "2017.12.10"]
[Round "4.4"]
[White "Renner, Kai"]
[Black "Elgersma, Simon"]
[Result "1-0"]
[WhiteElo "2140"]
[BlackElo "2100"]
[PlyCount "58"]
[EventDate "2017.??.??"]

1. e4 e6 2. d4 d5 3. Nd2 Be7 4. e5 c5 5. c3 Nc6 6. Ndf3 Bd7 7. Bd3 f6 8. exf6
Nxf6 9. Ne2 O-O 10. O-O c4 11. Bc2 Nh5 12. Ne5 Nxe5 13. dxe5 g6 14. Be3 Qc7 15.
f4 Bc5 16. Qd2 b5 17. Bxc5 Qxc5+ 18. Nd4 Rab8 19. a3 a5 20. g4 Ng7 21. Kh1 Rb6
22. Rg1 Rf7 23. Qe3 Qc7 24. Raf1 Kh8 25. Qh3 Kg8 26. Qh6 Qc8 27. Rf3 Qf8 28.
Rh3 Ne8 29. Bxg6 hxg6 1-0

[Event "OLNW 1718 Hamelner SV - SK Nordhorn Bla"]
[Site "?"]
[Date "2017.12.10"]
[Round "4.5"]
[White "Oehne, Timo"]
[Black "David, Adrian"]
[Result "1/2-1/2"]
[WhiteElo "2146"]
[BlackElo "2257"]
[PlyCount "30"]
[EventDate "2017.??.??"]

1. e4 c5 2. Nf3 e6 3. d4 cxd4 4. Nxd4 Qb6 5. a4 a6 6. a5 Qc7 7. Bd3 Nf6 8. O-O
d5 9. exd5 Nxd5 10. Nd2 Be7 11. Nc4 Nd7 12. Qg4 h5 13. Qf3 Ne5 14. Nxe5 Qxe5
15. Qe4 Bd6 {(=)} 1/2-1/2

[Event "OLNW 1718 Hamelner SV - SK Nordhorn Bla"]
[Site "?"]
[Date "2017.12.10"]
[Round "4.6"]
[White "Gerstmann, Frank"]
[Black "Stotyn, Fabian"]
[Result "1-0"]
[WhiteElo "2156"]
[BlackElo "2216"]
[PlyCount "118"]
[EventDate "2017.??.??"]

1. e4 c5 2. Nf3 Nc6 3. d4 cxd4 4. Nxd4 Nf6 5. Nc3 e5 6. Ndb5 d6 7. Bg5 a6 8.
Na3 b5 9. Bxf6 gxf6 10. Nd5 f5 11. Bd3 Be6 12. c4 Bxd5 13. cxd5 Nd4 14. Qh5
Qa5+ 15. Kf1 Qd2 16. Bc2 Rc8 17. Rd1 Qb4 18. Bb3 a5 19. Rb1 Qd2 20. Qd1 Qxd1+
21. Bxd1 fxe4 22. b4 axb4 23. Rxb4 Rc1 24. Rb1 Rxb1 25. Nxb1 Ke7 26. g4 Bh6 27.
Nc3 e3 28. Ne2 Rc8 29. h4 Nc2 30. g5 Bg7 31. Ng3 Nb4 32. Nf5+ Kf8 33. fxe3 Nxa2
34. Rh2 Nc3 35. Bb3 e4 36. Nxd6 Ra8 37. Nf5 Ra1+ 38. Kg2 Rb1 39. Bc2 Rb2 40.
Kh3 Be5 41. Rg2 b4 42. d6 Ke8 43. h5 Kd7 44. Nh6 b3 45. Bxb3 Rxb3 46. Nxf7 Bg7
47. h6 Bf8 48. g6 hxg6 49. h7 Bg7 50. Rxg6 Bh8 51. Nxh8 Nd5 52. Rg7+ Ke6 53. d7
Rxe3+ 54. Kh2 Re2+ 55. Kg1 Re1+ 56. Kf2 Rd1 57. d8=Q e3+ 58. Kf3 Rf1+ 59. Kg2
Rf2+ 1-0

[Event "OLNW 1718 Hamelner SV - SK Nordhorn Bla"]
[Site "?"]
[Date "2017.12.10"]
[Round "4.7"]
[White "Hoellmann, Ludger"]
[Black "Koch, Yannick"]
[Result "1-0"]
[WhiteElo "2152"]
[BlackElo "2022"]
[PlyCount "81"]
[EventDate "2017.??.??"]

1. Nf3 Nf6 2. d4 e6 3. g3 d5 4. c4 Be7 5. Bg2 O-O 6. O-O dxc4 7. Ne5 Nc6 8.
Bxc6 bxc6 9. Nxc6 Qe8 10. Nxe7+ Qxe7 11. Qa4 e5 12. dxe5 Qxe5 13. Qxc4 Be6 14.
Qd3 Rfd8 15. Qe3 Qh5 16. f3 Qg6 17. Na3 Rd5 18. Qf2 Bh3 19. Re1 h5 20. e4 Rd3
21. Nc4 Re8 22. Bf4 Qh7 23. b3 h4 24. Rad1 Red8 25. Rxd3 Rxd3 26. Ne5 hxg3 27.
hxg3 Rd8 28. g4 g6 29. Bg5 Kg7 30. Nc6 Rd3 31. Nb4 Rxf3 32. Qxf3 Nxg4 33. Nd5
Qh5 34. Bf6+ Kh7 35. e5 Bf1 36. Qg3 g5 37. Rxf1 Kg6 38. Ne7+ Kh7 39. Qd3+ Kh6
40. Nf5+ Kh7 41. Ng3+ 1-0

[Event "OLNW 1718 Hamelner SV - SK Nordhorn Bla"]
[Site "?"]
[Date "2017.12.10"]
[Round "4.8"]
[White "Jacobi, Felix-Hagen"]
[Black "Bierenbroodspot, Paul"]
[Result "1-0"]
[WhiteElo "2066"]
[BlackElo "2073"]
[PlyCount "165"]
[EventDate "2017.??.??"]

1. e4 d5 2. exd5 Nf6 3. Bb5+ Nbd7 4. Nc3 a6 5. Bxd7+ Bxd7 6. d3 Bg4 7. f3 Bc8
8. Bf4 Nxd5 9. Nxd5 Qxd5 10. Bxc7 Qc5 11. Bg3 Qb4+ 12. c3 Qxb2 13. Ne2 Qb6 14.
Rb1 Qc6 15. Qd2 e6 16. O-O Be7 17. Bf2 O-O 18. Rb6 Qd7 19. Rfb1 Rd8 20. Nc1 Ba3
21. d4 Bc5 22. R6b3 b5 23. Nd3 Bd6 24. Bg3 Bb7 25. Bxd6 Qxd6 26. a4 Bc6 27.
axb5 Bxb5 28. Qe3 Rac8 29. Ra1 Qd5 30. Rba3 Qc4 31. Nc5 Rc6 32. Nb7 Rdc8 33.
Na5 Qd5 34. Nxc6 Rxc6 35. h3 f6 36. Qf4 Qd8 37. Qe4 Qd7 38. Rd1 Bc4 39. Rb1 Bb5
40. Rb4 Qc8 41. d5 Rd6 42. dxe6 Rxe6 43. Qd5 Qc6 44. c4 Qxd5 45. cxd5 Re1+ 46.
Kf2 Rd1 47. Ke3 Rxd5 48. Re4 Kf7 49. Rc3 Rd7 50. g4 g5 51. f4 gxf4+ 52. Rxf4
Kg6 53. Rf5 Re7+ 54. Kd4 Rd7+ 55. Ke4 Rd6 56. Rfc5 Re6+ 57. Kd5 Re5+ 58. Kd6
Re4 59. Rc7 Rd4+ 60. Ke6 Re4+ 61. Kd5 Re5+ 62. Kd6 h5 63. gxh5+ Rxh5 64. Rg3+
Rg5 65. Rf3 Be2 66. Rf2 Bb5 67. Rc8 Kf7 68. Rf3 Re5 69. Rf8+ Kxf8 70. Rxf6+ Kg7
71. Kxe5 Bc4 72. Kf5 a5 73. Rc6 Bf7 74. Ra6 a4 75. Rxa4 Bb3 76. Ra6 Bc4 77. Rb6
Kh7 78. Kg5 Ba2 79. Rb7+ Kh8 80. Kg6 Bc4 81. Rh7+ Kg8 82. Rd7 Kf8 83. Rg7 1-0

[Event "OLNW 1718 Delmenhorster SK - SV Hellern"]
[Site "?"]
[Date "2017.12.10"]
[Round "4.1"]
[White "Lingnau, Carsten"]
[Black "Kuegel, Tobias"]
[Result "1-0"]
[WhiteElo "2423"]
[BlackElo "2277"]
[PlyCount "37"]
[EventDate "2017.??.??"]

1. d4 e5 2. dxe5 Nc6 3. Nf3 Qe7 4. Nc3 Nxe5 5. Nd5 Nxf3+ 6. gxf3 Qd8 7. Bf4 d6
8. e4 Nf6 9. Bg5 Be7 10. Nxe7 Qxe7 11. Qd2 h6 12. Be3 d5 13. exd5 Bf5 14. O-O-O
Rd8 15. c4 b5 16. Re1 O-O 17. Rg1 Ne4 18. fxe4 Qxe4 19. Qc3 1-0

[Event "OLNW 1718 Delmenhorster SK - SV Hellern"]
[Site "?"]
[Date "2017.12.10"]
[Round "4.2"]
[White "Hoeffer, David"]
[Black "Ewert, Hannes"]
[Result "0-1"]
[WhiteElo "2283"]
[BlackElo "2328"]
[PlyCount "108"]
[EventDate "2017.??.??"]

1. d4 Nf6 2. Nf3 e6 3. c4 b6 4. g3 c6 5. Bg2 Bb4+ 6. Bd2 Be7 7. Nc3 d5 8. cxd5
cxd5 9. Ne5 O-O 10. Rc1 Bb7 11. Qa4 Nfd7 12. Nd3 Nc6 13. O-O a6 14. Be3 Bf6 15.
Nf4 Na5 16. Ncxd5 exd5 17. Nxd5 b5 18. Qb4 Bxd5 19. Bxd5 Ra7 20. b3 Nb7 21. Bg2
Be7 22. Qc3 Nd6 23. Qd3 Rc7 24. Bd2 Rxc1 25. Rxc1 f5 26. f3 Bg5 27. Bxg5 Qxg5
28. Rc6 Qe7 29. Rxa6 Nf6 30. a3 Rc8 31. Kf2 Nd5 32. Qd2 g6 33. h4 f4 34. Bh3
Re8 35. h5 Qg5 36. gxf4 Qh4+ 37. Kg1 Qxh3 38. e4 Qg3+ 39. Qg2 Qe1+ 40. Qf1 Qg3+
41. Qg2 Qxf4 42. hxg6 Rc8 43. gxh7+ Kh8 44. Rc6 Qe3+ 45. Kh1 Qh6+ 46. Kg1 Re8
47. Qh2 Qg7+ 48. Kh1 Nf5 49. Qh3 Nf4 50. Qg4 Qxh7+ 51. Kg1 Rg8 52. Rc8 Rxc8 53.
Qxf4 Qg7+ 54. Kf1 Nxd4 0-1

[Event "OLNW 1718 Delmenhorster SK - SV Hellern"]
[Site "?"]
[Date "2017.12.10"]
[Round "4.3"]
[White "Gronde, Ingo"]
[Black "Hedke, Fred"]
[Result "0-1"]
[WhiteElo "2226"]
[BlackElo "2270"]
[PlyCount "82"]
[EventDate "2017.??.??"]

1. e4 e5 2. Nf3 d6 3. d4 exd4 4. Nxd4 Nf6 5. Nc3 Be7 6. Be2 O-O 7. Bf4 Nc6 8.
Qd2 Nxd4 9. Qxd4 Be6 10. O-O-O a6 11. Kb1 b5 12. Bf3 c5 13. Qe3 b4 14. Na4 Qa5
15. b3 Rad8 16. Bxd6 Rxd6 17. Rxd6 Bxd6 18. e5 Be7 19. exf6 Bxf6 20. Qxc5 Qd8
21. Rd1 Qb8 22. Qd6 Qb5 23. Nc5 Bc8 24. Ne4 Be5 25. Qe7 h6 26. c4 bxc3 27. Rd8
Rxd8 28. Qxd8+ Kh7 29. Nxc3 Bxc3 30. Kc2 Qc5 31. Qd5 Bf5+ 32. Kd1 Qxd5+ 33.
Bxd5 Kg6 34. f3 Kf6 35. Ke2 a5 36. Ke3 Bb1 37. a3 Be5 38. f4 Bd6 39. a4 Bc5+
40. Kf3 Bf5 41. h3 Be6 0-1

[Event "OLNW 1718 Delmenhorster SK - SV Hellern"]
[Site "?"]
[Date "2017.12.10"]
[Round "4.4"]
[White "Steingraeber, Kai Uwe"]
[Black "Stock, Joerg"]
[Result "1/2-1/2"]
[WhiteElo "2102"]
[BlackElo "2199"]
[PlyCount "139"]
[EventDate "2017.??.??"]

1. d4 Nf6 2. c4 e6 3. Nc3 Bb4 4. Qc2 O-O 5. Bg5 h6 6. Bh4 d5 7. e3 c6 8. Nf3
Nbd7 9. a3 Be7 10. Be2 b6 11. b4 dxc4 12. Bxc4 Bb7 13. Be2 a5 14. b5 c5 15.
dxc5 Bxc5 16. O-O Rc8 17. Rfd1 Qe7 18. Qb2 Rfd8 19. Na4 g5 20. Bg3 Ne4 21. Nxc5
Rxc5 22. Rac1 Nxg3 23. hxg3 Rdc8 24. Nd4 Rxc1 25. Rxc1 Rxc1+ 26. Qxc1 Qc5 27.
Qd1 Ne5 28. a4 Qd5 29. f3 Qc5 30. Kf2 Bd5 31. g4 Qc3 32. e4 Ba2 33. Kg3 Kg7 34.
Nc6 Ng6 35. Nd4 Nf4 36. Bf1 Kg6 37. Kh2 Kg7 38. Kg3 Qb2 39. Ne2 Bb3 40. Qd4+
Qxd4 41. Nxd4 Bxa4 42. Nc6 Ng6 43. Kf2 Kf8 44. Ke1 Ne7 45. Ne5 Ke8 46. Bc4 Nc8
47. Nd3 Nd6 48. Nb2 Bxb5 49. Bxb5+ Nxb5 50. Na4 Kd7 51. Nxb6+ Kc6 52. Nc4 a4
53. Kd2 Kc5 54. Ne5 f6 55. Nd7+ Kb4 56. Kc2 a3 57. Kb1 Nd4 58. Ka2 Ne2 59. Kb1
Nf4 60. Nxf6 Kb3 61. e5 Nd3 62. Ne4 Nxe5 63. Nc5+ Kb4 64. Nxe6 Nd3 65. g3 Kc3
66. Ka2 Ne5 67. Nxg5 hxg5 68. f4 gxf4 69. gxf4 Nxg4 70. Kxa3 1/2-1/2

[Event "OLNW 1718 Delmenhorster SK - SV Hellern"]
[Site "?"]
[Date "2017.12.10"]
[Round "4.5"]
[White "Happe, Reinhold"]
[Black "Thimm, Torsten"]
[Result "1-0"]
[WhiteElo "2119"]
[BlackElo "2089"]
[PlyCount "71"]
[EventDate "2017.??.??"]

1. c4 Nf6 2. Nc3 d5 3. cxd5 Nxd5 4. g3 g6 5. Bg2 Nb6 6. Nf3 Bg7 7. O-O O-O 8.
d3 Nc6 9. Be3 h6 10. Qd2 Kh7 11. h3 e5 12. Rac1 Nd4 13. Bxd4 exd4 14. Ne4 Re8
15. Rfe1 Rb8 16. Qc2 Re7 17. Nc5 Nd5 18. Nb3 Nb4 19. Qc5 Na6 20. Qa3 b6 21.
Nbxd4 Bb7 22. Nb5 Bf8 23. Qa4 Nc5 24. Qc2 a6 25. Nc3 Bg7 26. Red1 Qe8 27. e3
Rd8 28. d4 Ne6 29. a3 Kg8 30. b4 h5 31. d5 Nf8 32. Nd4 Bxd4 33. Rxd4 Rxe3 34.
Ne4 Rxe4 35. Rxe4 Qd7 36. Ree1 1-0

[Event "OLNW 1718 Delmenhorster SK - SV Hellern"]
[Site "?"]
[Date "2017.12.10"]
[Round "4.6"]
[White "Grebener, Soeren"]
[Black "zur Lage, Julian"]
[Result "0-1"]
[WhiteElo "2028"]
[BlackElo "2103"]
[PlyCount "62"]
[EventDate "2017.??.??"]

1. e4 e5 2. Nf3 Nc6 3. Bb5 a6 4. Ba4 Nf6 5. d3 b5 6. Bb3 h6 7. O-O d6 8. c3 Be7
9. Re1 O-O 10. Nbd2 Na5 11. Bc2 c5 12. Nf1 Re8 13. Ng3 Bf8 14. d4 exd4 15. cxd4
Bg4 16. h3 Bxf3 17. Qxf3 cxd4 18. Nf5 Nc6 19. Qg3 Kh8 20. f3 d5 21. e5 Nh5 22.
Qh2 Rc8 23. Bb3 Bb4 24. Rd1 Rxe5 25. g4 d3 26. Be3 d4 27. Rxd3 Rxf5 28. gxf5
Bd6 29. f4 dxe3 30. Rad1 Qb6 31. Kf1 Bxf4 0-1

[Event "OLNW 1718 Delmenhorster SK - SV Hellern"]
[Site "?"]
[Date "2017.12.10"]
[Round "4.7"]
[White "Weist, Thorben"]
[Black "Traetmar, Mattis"]
[Result "1-0"]
[WhiteElo "2019"]
[BlackElo "1923"]
[PlyCount "45"]
[EventDate "2017.??.??"]

1. e4 c5 2. Nf3 a6 3. c3 e6 4. d4 d5 5. exd5 exd5 6. Bd3 Nf6 7. O-O c4 8. Bc2
Be7 9. Nbd2 Nc6 10. Re1 b5 11. Ne5 Nxe5 12. dxe5 Ng4 13. h3 h5 14. hxg4 hxg4
15. Nf1 Bc5 16. Be3 Qh4 17. Ng3 Bxe3 18. Rxe3 Bb7 19. Qd4 Rc8 20. e6 O-O 21.
Nf5 Qg5 22. e7 Rfe8 23. Nd6 1-0

[Event "OLNW 1718 Delmenhorster SK - SV Hellern"]
[Site "?"]
[Date "2017.12.10"]
[Round "4.8"]
[White "Sturm, Tobias"]
[Black "Bade, Hans-Juergen"]
[Result "1-0"]
[WhiteElo "2028"]
[BlackElo "1981"]
[PlyCount "91"]
[EventDate "2017.??.??"]

1. e4 e6 2. d4 d5 3. Nd2 dxe4 4. Nxe4 Bd7 5. Nf3 Bc6 6. Bd3 Nd7 7. O-O Ngf6 8.
Nxf6+ Nxf6 9. Qe2 Bxf3 10. Qxf3 c6 11. c3 Be7 12. Qg3 h5 13. Qxg7 Rg8 14. Qh6
Qd5 15. f3 O-O-O 16. Bf4 Nd7 17. Be3 Rh8 18. Qf4 f5 19. Bf2 Bd6 20. Qe3 f4 21.
Qe2 h4 22. h3 Rdg8 23. Kh1 Qg5 24. Rg1 Rh6 25. Be1 Qf6 26. a4 Nb6 27. c4 Bc7
28. a5 Nd7 29. Bc3 Qf7 30. b4 Nf6 31. Rgc1 Nh5 32. Kh2 Rg3 33. Be1 e5 34. d5
Qd7 35. dxc6 Rxc6 36. Qc2 Ng7 37. b5 Rd6 38. Be4 Rd4 39. Rd1 Kb8 40. Bxg3 fxg3+
41. Kh1 Nh5 42. a6 b6 43. Bc6 Qd8 44. Rxd4 exd4 45. Qe4 Nf4 46. Bd7 1-0

[Event "OLNW 1718 SV Hellern - SF Hannover"]
[Site "?"]
[Date "2018.01.21"]
[Round "5.1"]
[White "Schirm, Friedmar"]
[Black "Lingnau, Carsten"]
[Result "1/2-1/2"]
[WhiteElo "2266"]
[BlackElo "2426"]
[PlyCount "77"]
[EventDate "2018.??.??"]

1. Nf3 d5 2. c4 e6 3. g3 dxc4 4. Qa4+ Nd7 5. Bg2 a6 6. Qxc4 b5 7. Qc2 Bb7 8. a4
Ngf6 9. O-O c5 10. d3 Be7 11. Nc3 Qb6 12. axb5 axb5 13. Rxa8+ Bxa8 14. Qb3 Nd5
15. Bd2 Bc6 16. Ra1 O-O 17. Ne1 N7f6 18. Nc2 Qb7 19. Ne3 Ra8 20. Rxa8+ Qxa8 21.
Qa2 Qb7 22. Qa5 h6 23. Ncxd5 Nxd5 24. Nxd5 exd5 25. d4 cxd4 26. Bb4 Bf6 27. b3
Bd7 28. Bc5 Bf5 29. Qd2 Be4 30. Bxd4 Bxd4 31. Qxd4 Bxg2 32. Kxg2 Qc6 33. e3 h5
34. h4 g6 35. Kf3 Kh7 36. b4 Kg8 37. Kf4 Qd6+ 38. Kf3 Qc6 39. Kf4 1/2-1/2

[Event "OLNW 1718 SV Hellern - SF Hannover"]
[Site "?"]
[Date "2018.01.21"]
[Round "5.2"]
[White "Ewert, Hannes"]
[Black "Ackermann, Dennie"]
[Result "1-0"]
[WhiteElo "2337"]
[BlackElo "2169"]
[PlyCount "57"]
[EventDate "2018.??.??"]

1. Nf3 c5 2. c4 Nc6 3. Nc3 e6 4. g3 Nf6 5. Bg2 d5 6. cxd5 exd5 7. d4 Be7 8. O-O
O-O 9. dxc5 Bxc5 10. Na4 Be7 11. Be3 Re8 12. Rc1 Ne4 13. Nd4 Bf6 14. Nxc6 bxc6
15. Rxc6 Bd7 16. Rc1 d4 17. Bf4 Qa5 18. Bxe4 Bxa4 19. Qd3 Rxe4 20. Qxe4 Re8 21.
Qb7 Qf5 22. Qxa7 Bc2 23. Qc7 Be4 24. Rc5 Qh3 25. f3 Ba8 26. Bg5 d3 27. e3 Bxb2
28. Qd6 Be5 29. Rxe5 1-0

[Event "OLNW 1718 SV Hellern - SF Hannover"]
[Site "?"]
[Date "2018.01.21"]
[Round "5.3"]
[White "Boehm, Juergen"]
[Black "Gronde, Ingo"]
[Result "0-1"]
[WhiteElo "2195"]
[BlackElo "2217"]
[PlyCount "80"]
[EventDate "2018.??.??"]

1. d4 Nf6 2. Nf3 g6 3. c4 Bg7 4. g3 O-O 5. Bg2 d6 6. O-O c6 7. Nc3 Qa5 8. e4 e5
9. h3 Nbd7 10. Be3 Nb6 11. Nd2 exd4 12. Bxd4 Be6 13. Qf3 Nh5 14. Bxg7 Nxg7 15.
Qd3 Rad8 16. b3 d5 17. cxd5 cxd5 18. exd5 Nxd5 19. Nxd5 Bxd5 20. Bxd5 Rxd5 21.
Nc4 Qd8 22. Qf3 Nf5 23. Ne3 Rd3 24. Rad1 Nxe3 25. fxe3 Rxd1 26. Rxd1 Qe7 27.
Qf4 Re8 28. Kf2 Rc8 29. Qd4 Qe6 30. g4 b6 31. Rd2 Qc6 32. Kg3 h6 33. Qd7 Qc5
34. Qd4 Qe7 35. e4 Re8 36. Kf3 Qh4 37. Kg2 Qe1 38. Kf3 Qh1+ 39. Kg3 Rxe4 40.
Qd8+ Kg7 0-1

[Event "OLNW 1718 SV Hellern - SF Hannover"]
[Site "?"]
[Date "2018.01.21"]
[Round "5.5"]
[White "Kaimer, Thomas"]
[Black "Happe, Reinhold"]
[Result "1/2-1/2"]
[WhiteElo "2176"]
[BlackElo "2128"]
[PlyCount "48"]
[EventDate "2018.??.??"]

1. e4 e5 2. Nf3 Nc6 3. Bc4 Bc5 4. d3 Nf6 5. O-O d6 6. Bg5 h6 7. Be3 Bb6 8. c3
O-O 9. Re1 Be6 10. Nbd2 Bxe3 11. Rxe3 Bxc4 12. dxc4 Qd7 13. Nf1 Qe6 14. b3 Ne7
15. Ng3 g6 16. Ne1 Kg7 17. Nd3 Rad8 18. Qd2 Qg4 19. Rae1 Qg5 20. Nb4 Ng4 21.
Rd3 Qxd2 22. Rxd2 Nf6 23. Red1 a5 24. Nd5 Nexd5 1/2-1/2

[Event "OLNW 1718 SV Hellern - SF Hannover"]
[Site "?"]
[Date "2018.01.21"]
[Round "5.6"]
[White "zur Lage, Julian"]
[Black "Edel, Thomas"]
[Result "1-0"]
[WhiteElo "2111"]
[BlackElo "2109"]
[PlyCount "51"]
[EventDate "2018.??.??"]

1. d4 f5 2. Qd3 d5 3. g4 fxg4 4. h3 g3 5. fxg3 Nf6 6. Nc3 Nc6 7. Bg5 a6 8.
O-O-O g6 9. Bg2 Bf5 10. Qe3 Bg7 11. g4 Be4 12. Nxe4 dxe4 13. Bxe4 Nxe4 14. Qxe4
O-O 15. d5 Ne5 16. Nf3 Qd6 17. Rhf1 Rad8 18. Nxe5 Bxe5 19. Bh6 Rxf1 20. Rxf1
Bf6 21. Bf4 Qb6 22. c3 Bg7 23. Qc4 e5 24. d6+ Kh8 25. d7 Rf8 26. Rd1 1-0